Web world & networking : (Record no. 95355)

MARC details
000 -LEADER
fixed length control field 00630nam a22002057a 4500
005 - DATE AND TIME OF LATEST TRANSACTION
control field 20151008110711.0
010 ## - LCCN (DPL NO)
LC control number ENG-113740
020 ## - INTERNATIONAL STANDARD BOOK NUMBER
International Standard Book Number 9789383380282
Terms of availability 580.00
035 ## - SYSTEM CONTROL NUMBER
System control number EN- 97272
037 ## - SOURCE OF ACQUISITION
Source of stock number/acquisition DBAD/PUB
082 ## - DEWEY DECIMAL CLASSIFICATION NUMBER
Classification number 004.6
100 ## - MAIN ENTRY--PERSONAL NAME
Personal name Dhunna, Mukesh
245 ## - TITLE STATEMENT
Title Web world & networking :
Statement of responsibility, etc by Mukesh Dhunna [and] Deepak Verma
Remainder of title computer networks and internet /
260 ## - PUBLICATION, DISTRIBUTION, ETC. (IMPRINT)
Place of publication, distribution, etc Noida
Name of publisher, distributor, etc Viplav Books
Date of publication, distribution, etc 2015
270 ## - ADDRESS
Address 1st Floor, B-161 Sector-26
City Nodia
Postal code 201301
300 ## - PHYSICAL DESCRIPTION
Extent xiii,353p. :
Dimensions 24cm(pbk)
Other physical details ill.
500 ## - GENERAL NOTE
General note Includes index
700 ## - ADDED ENTRY--PERSONAL NAME
Personal name Verma, Deepak
942 ## - ADDED ENTRY ELEMENTS (KOHA)
Source of classification or shelving scheme Dewey Decimal Classification
Item type English Books
Call number suffix DHU
Classification part 004.6
Holdings
Withdrawn status Lost status Not for loan Collection code Home library Current library Date acquired Source of acquisition Cost, normal purchase price Full call number Barcode Copy number Cost, replacement price Koha item type
    Not For Loan Non-fiction D.B.Act.Division D.B.Act.Division 30/07/2015 DBAD/PUB 580.00 004.6 DHU EN-97272 1 580.00 English Books

© Delhi Public Library
Hit Counter
free hit counter